| 000 | 00512nam a2200181 i 4500 | ||
|---|---|---|---|
| 001 | bg | ||
| 245 | 0 |
_aWindows 2000 Professional : _bMCSE training kit / _cAPN Promise. |
|
| 260 |
_aWarszawa : _bAPN Promise, _c2000. |
||
| 300 |
_c25 cm + _eCD ROM. |
||
| 650 | 9 | _aWindows 2000 | |
| 655 | _aPodręczniki | ||
| 040 | _cBPK | ||
| 041 | 1 |
_apl _hen |
|
| 080 | _a004.451Windows | ||
| 942 | _cKS | ||
| 008 | s pl f |000 0 pol | ||
| 999 |
_c40076 _d40076 |
||
| 856 |
_uhttp://koha.tu.koszalin.pl/cgi-bin/koha/opac-detail.pl?biblionumber=40076 _yKatalog online BPK |
||